000 00282nam a22001217a 4500
008 160426b xxu||||| |||| 00| 0 eng d
020 _a9780838571101
020 _a08385710107
041 _aeng
080 _a618.2
245 _aNursing theories:
_cJulia B. George;
942 _2udc
_cBK
999 _c1593
_d1593